000 00642nam a2200277Ia 4500
005 20260324141145.0
008 008 260324s9999 xx 000 0 eng d
020 _a9781315870625
037 _aEBOOK
040 _aCRL
040 _beng
040 _cCRL
041 _2eng
041 _aeng
084 _qCRL
100 _aWilliam Craft Brumfield
_91207139
245 0 _aLandmarks of Russian Architect
260 _bTaylor and Francis
260 _c1997
365 _a
365 _b240
856 _uhttp://www.taylorfrancis.com/books/9781315870625
942 _cEBOOK
999 _c1809923
_d1809923